Films par GIFS #2 - Statistiques

Statistiques générales
  • Ce quiz a été pris 214 fois
  • Le résultat moyen est 15 sur 30
Statistiques - réponses
Hint Réponse % Correct
Hunger Games
90%
Spider-Man
86%
Top Gun
80%
Le Labyrinthe
77%
Les Dents de la Mer
76%
Parasite
71%
Sharknado 2
70%
Braveheart
69%
Rain Man
54%
Circle
49%
Old Boy
49%
Armageddon
47%
Speed
47%
Piranha 3D
45%
Eyes Wide Shut
43%
Taken
43%
Battle Royale
42%
Ghost
42%
The Patriot
42%
Incassable
40%
Jurassic Shark
40%
Le Village
40%
Skyfall
40%
The Thing
39%
Crawl
34%
Les Autres
34%
Détour Mortel
32%
Buried
31%
Prédictions
27%
Devil
21%
Aucun quiz correspondant
Distribution des résultats
% des personnes avec chaque résultat
Percentile par nombre de réponses
Votre historique - résultats
Vous n’avez pas pris ce quiz